000 00262nam a2200097Ia 4500
001 774357
005 20250826165809.0
008 250824s9999 xx 000 0 und d
245 0 _aBİR GÖÇMEN KIZIN HİKAYESİ ABŞAR
_cHASAN SARI
260 _bATLIKARINCA YAYINLARI
999 _c774357
_d774357